000
00244nam a2200109Ia 4500
008
190216s9999||||xx |||||||||||||| ||und||
100
_a
Agarwal An
245
0
_a
Fundamentals Of Accountancy
260
_b
Null
_c
1967
300
_a
234p
942
_c
BK
999
_c
4351
_d
4351